1210 1443 1536 1991 1875 1882 1675 1570 1330 1245 1485 1452 1004 1060 1854 1563 1086 1053 1730 1602 1544 1471 1060 1697 1851 1788 1432 1167 1569 1588 1771 1487 1158 1480 1585 1491 1565 1348 1004 1015 1988 1191 1042 1857 1586 1034 1596 1213 1063 1641 1775 1778 1095 1965 1171 1955 1784 1578 1503 1437 1880 1445 1995 1229 1352 1706 1003 1466 1610 1198 1411 1941 1298 1019 1954 1891 1930 1308 1996 1982 1409 1474 1171 1511 1371 1563 1862 1976 1021 1962 1452 1808 1188 1306 1655 1531 1975 1476 1947 BCNSPRNW ULIB Ver.6.0+V

เปลี่ยนเป็นภาษาไทย

Change to English
 แสดงรายละเอียดบรรณานุกรม
  กลับหน้าหลัก

Brief Record : Get Marc (ISO 2709) : E-mail record : QR code < ปิดหน้าต่าง
LEADER : 00000nam a2200000Ia 4500
001    13399114804
003     ULIB
008    120201s2555 th a 000 0 tha d
020    ^a9789748469485
050  4 ^aDS578.32.M33^bห159
245 00 ^a120 ปี มหิดลอดุลยเดช =^b120 years of Prince Mahidol /^cคณะกรรมการฝ่ายจัดทำหนังสือ 120 ปี แห่งวันคล้ายวันพระราชสมภพ สมเด็จพระมหิตลาธิเบศร อดุลยเดชวิกรม พระบรมราชชนก คณะแพทยศาสตร์ศิริราชพยาบาล มหาวิทยาลัยมหิดล ; คณะบรรณาธิการ, สรรใจ แสงวิเชียร ...[และคนอื่นๆ] ; ผู้แปล, หม่อมราชวงศ์ประกายฉัตร สุขสวัสดิ์,พงษ์ศรี เลขะวัฒนะ, William Merle Martin
246 31 ^a120 years of Prince Mahidol
260    ^aกรุงเทพฯ :^bอมรินทร์พริ้นติ้งแอนด์พับลิชชิ่ง,^c2555
300    ^a391 หน้า :^bภาพประกอบ ;^c31 ซม.
500    ^aSend to Single Search
600 04 ^aมหิตลาธิเบศร อดุลยเดชวิกรม พระบรมราชชนก,^cสมเด็จพระ,^d2434-2472
700 0  ^aสรรใจ แสงวิเชียร,^eบรรณาธิการ
700 0  ^aประกายฉัตร สุขสวัสดิ์,^cม.ร.ว.,^eผู้แปล
700 0  ^aพงษ์ศรี เลขะวัฒนะ,^eบรรณาธิการ
700 1  ^aMartin, William Merle,^etr.
710 2  ^aมหาวิทยาลัยมหิดล. ^bคณะแพทยศาสตร์ศิริราชพยาบาล. ^bคณะกรรมการฝ่ายจัดทำหนังสือ 120 ปี แห่งวันคล้ายวันพระราชสมภพ สมเด็จพระมหิตลาธิเบศร อดุลยเดชวิกรม พระบรมราชชนก
945    ^p0^l0^i031796
995    ^aเกษร
999 ^a ใช้งานได้ทุกระบบ
รายการนี้ยังไม่มีแท็ก
คุณยังไม่ได้ล็อกอิน คุณสามารถมีกิจกรรมร่วมกับเว็บไซต์ได้ แต่ต้องล็อกอินก่อน ::
  ล็อกอิน

รายการสื่อสารสนเทศ

ลำดับที่ ประเภท เลขเรียก/บาร์โค้ด สถานที่ สถานะ
- ไม่พบข้อมูล -

BibComment


ยังไม่เคยถูกคอมเมนท์

คอมเมนท์ทรัพยากรรายการนี้
  คอมเมนท์: 120 ปี มหิดลอดุล..


 Copyright 2026. Bcnsprnw @Library